[Event "Panagiotis Apergis op"]
[Site "Ano Liosia"]
[Date "2007.05.01"]
[Round "3"]
[White "Zivas, Spyridonas"]
[Black "Kourousis, Nikolaos"]
[Result "1/2-1/2"]
[WhiteElo "1115"]
[BlackElo "1000"]
[PlyCount "100"]
[EventDate "2007.04.24"]
[EventType "swiss"]
[EventRounds "7"]
[EventCountry "GRE"]
[SourceTitle "EXT 2008"]
[Source "ChessBase"]
[SourceDate "2007.11.25"]
[SourceVersion "1"]
[SourceVersionDate "2007.11.25"]
[SourceQuality "1"]

1. e4 e5 2. d4 f6 3. Nf3 d6 4. Nc3 Nd7 5. Be3 b6 6. Bd3 Bb7 7. Qe2 Qc8 8. d5 Ne7 9. 0-0-0 c5 10. dxc6 Nxc6 11. Bb5 Be7 12. Nd5 a5 13. h3 Nb4 14. Nxb6 Qd8 15. Nxa8 Qxa8 16. Bxd7+ Kxd7 17. Qb5+ Bc6 18. Qc4 Bxe4 19. Bc5 Rc8 20. Qb5+ Bc6 21. Qb6 Nxa2+ 22. Kb1 Nb4 23. Bxb4 axb4 24. Qxb4 Rb8 25. Qc3 Qb7 26. Rd3 Bd8 27. Rhd1 Bc7 28. Qa3 d5 29. Rb3 Qa8 30. Qxa8 Bxa8 31. Rxb8 Bxb8 32. g4 d4 33. Nh4 g5 34. Nf5 Bg2 35. Nh6 Bxh3 36. Rg1 Ke6 37. Nf5 Kf7 38. c4 dxc3 39. bxc3 h5 40. f3 hxg4 41. fxg4 Ba7 42. Rg3 Bf1 43. Kb2 Bb8 44. Rg1 Be2 45. Kb3 Ba7 46. Rg3 Bb8 47. c4 e4 48. Rg2 Bf3 49. Rg1 Ba7 50. Rg3 Bb8 1/2-1/2

[Event "Panagiotis Apergis op"]
[Site "Ano Liosia"]
[Date "2007.04.24"]
[Round "1"]
[White "Mihotas, Petros"]
[Black "Kourousis, Nikolaos"]
[Result "1-0"]
[WhiteElo "1854"]
[BlackElo "1000"]
[PlyCount "155"]
[EventDate "2007.04.24"]
[EventType "swiss"]
[EventRounds "7"]
[EventCountry "GRE"]
[SourceTitle "EXT 2008"]
[Source "ChessBase"]
[SourceDate "2007.11.25"]
[SourceVersion "1"]
[SourceVersionDate "2007.11.25"]
[SourceQuality "1"]

1. e4 e5 2. d4 exd4 3. Qxd4 Nc6 4. Qe3 d6 5. Nc3 Nf6 6. Bd2 Be7 7. 0-0-0 Ng4 8. Qf4 Bg5 9. Qxg5 Qxg5 10. Bxg5 Nxf2 11. Nf3 Nxh1 12. Bh4 f6 13. Nd5 Kd8 14. Nxf6 h6 15. Bb5 Nf2 16. Nd5+ g5 17. Bxf2 Bd7 18. Nf6 Rf8 19. Nxd7 Kxd7 20. Bg3 Ke6 21. Nd4+ Nxd4 22. Rxd4 a6 23. Bc4+ Kd7 24. e5 b5 25. Be2 Rae8 26. Bg4+ Ke7 27. exd6+ cxd6 28. Bxd6+ Kf7 29. Bxf8 Kxf8 30. Rd7 Re1+ 31. Kd2 Rf1 32. Bf3 Rf2+ 33. Kd3 g4 34. Bxg4 Rxg2 35. h3 Rg3+ 36. Ke4 h5 37. Bxh5 Rxh3 38. Rf7+ Kg8 39. Rf5 Rh2 40. Kd3 Rh3+ 41. Kd4 Rh2 42. Kc3 Rh3+ 43. Kb4 Rh2 44. Bd1 Rh1 45. Be2 Rh2 46. Bd3 Rh4+ 47. Ka5 Ra4+ 48. Kb6 Rxa2 49. b3 b4 50. Ra5 Ra3 51. Rxa3 bxa3 52. b4 Kg7 53. Bc4 Kf6 54. Kxa6 Ke5 55. b5 Kd4 56. Bb3 Kc3 57. b6 Kb2 58. b7 a2 59. b8Q a1Q+ 60. Ba4+ Kc1 61. Qf4+ Kb2 62. Qd4+ Kb1 63. Qxa1+ Kxa1 64. c4 Kb2 65. c5 Kc3 66. c6 Kd4 67. c7 Ke5 68. c8Q Kf4 69. Qe6 Kg5 70. Bc2 Kf4 71. Qf5+ Ke3 72. Qe4+ Kf2 73. Bd1 Kg3 74. Be2 Kh2 75. Qg4 Kh1 76. Bf1 Kh2 77. Qh3+ Kg1 78. Qg2# 1-0